000 00429nam a2200121Ia 4500
008 220616s9999||||xx |||||||||||||| ||und||
100 _aBeatriz Peña Acuña
245 4 _aThe Evolution of Media Communication
546 _aEnglish[eng]
650 _aSocial Sciences||Media||Social Communication||Social Sciences and Humanities
856 _uhttps://www.intechopen.com/books/the-evolution-of-media-communication
942 _cEB
999 _c19792
_d19792